000
00304nam a22001217a 4500
008
230621b xxu||||| |||| 00| 0 eng d
082
_a
328.35
_b
IPU 1980
245
_a
Inter-Parliamentary Bulletin
260
_a
Geneva
_b
Inter-Parliamentary Union
_c
1980
300
_a
102p
440
_n
2
942
_2
ddc
_c
BK
999
_c
2264
_d
2264